The geology of the Sanquhar coalfield and adjacent basin of Thornhill, (Record no. 27321)
[ view plain ]
| 000 -LEADER | |
|---|---|
| fixed length control field | 01144cam a22002891 4500 |
| 001 - CONTROL NUMBER | |
| control field | gs 37000021 |
| 003 - CONTROL NUMBER IDENTIFIER | |
| control field | DLC |
| 005 - DATE AND TIME OF LATEST TRANSACTION | |
| control field | 20260227111341.0 |
| 008 - FIXED-LENGTH DATA ELEMENTS--GENERAL INFORMATION | |
| fixed length control field | 901115s1936 stkab b 000 0 eng c |
| 010 ## - LIBRARY OF CONGRESS CONTROL NUMBER | |
| LC control number | gs 37000021 |
| 040 ## - CATALOGING SOURCE | |
| Original cataloging agency | U.S. Geol. Survey Libr./ICU |
| Transcribing agency | ICU |
| Modifying agency | ICU |
| -- | DLC |
| 043 ## - GEOGRAPHIC AREA CODE | |
| Geographic area code | e-uk-st |
| 050 00 - LIBRARY OF CONGRESS CALL NUMBER | |
| Classification number | QE246 |
| Item number | .S5 |
| 082 00 - DEWEY DECIMAL CLASSIFICATION NUMBER | |
| Classification number | 554.1 |
| 100 1# - MAIN ENTRY--PERSONAL NAME | |
| Personal name | Simpson, J. B. |
| Fuller form of name | (John Baird), |
| Dates associated with a name | 1894- |
| 245 14 - TITLE STATEMENT | |
| Title | The geology of the Sanquhar coalfield and adjacent basin of Thornhill, |
| Statement of responsibility, etc. | by J.B. Simpson and J.E. Richey. With contributions by A.G. MacGregor. Paleontology by J. Pringle. |
| 260 ## - PUBLICATION, DISTRIBUTION, ETC. | |
| Place of publication, distribution, etc. | Edinburgh, |
| Name of publisher, distributor, etc. | H.M. Stationery Off., |
| Date of publication, distribution, etc. | 1936. |
| 300 ## - PHYSICAL DESCRIPTION | |
| Extent | viii, 97 p. |
| Other physical details | illus. (part fold.) maps (1 fold.) diagrs. |
| Dimensions | 24 cm. |
| 490 1# - SERIES STATEMENT | |
| Series statement | Memoirs of the Geological Survey: Scotland |
| 504 ## - BIBLIOGRAPHY, ETC. NOTE | |
| Bibliography, etc. note | Bibliographical footnotes. |
| 650 #0 - SUBJECT ADDED ENTRY--TOPICAL TERM | |
| Topical term or geographic name entry element | Geology |
| Geographic subdivision | Scotland |
| -- | Dumfriesshire. |
| 650 #0 - SUBJECT ADDED ENTRY--TOPICAL TERM | |
| Topical term or geographic name entry element | Coal |
| Geographic subdivision | Scotland |
| -- | Dumfriesshire. |
| 650 #0 - SUBJECT ADDED ENTRY--TOPICAL TERM | |
| Topical term or geographic name entry element | Paleontology |
| Geographic subdivision | Scotland |
| -- | Dumfriesshire. |
| 700 1# - ADDED ENTRY--PERSONAL NAME | |
| Personal name | Richey, J. E. |
| Fuller form of name | (James Ernest), |
| Dates associated with a name | 1886- |
| Relator term | joint author. |
| 700 1# - ADDED ENTRY--PERSONAL NAME | |
| Personal name | Pringle, J. |
| Fuller form of name | (John), |
| Dates associated with a name | 1877- |
| 830 #0 - SERIES ADDED ENTRY--UNIFORM TITLE | |
| Uniform title | Memoirs of the Geological Survey. |
| Name of part/section of a work | Scotland. |
No items available.